| 000 | 00469nam a2200205Ia 4500 | ||
|---|---|---|---|
| 008 | 210210b1949 xxu||||| |||| 00| 0 eng d | ||
| 041 | _aeng | ||
| 082 | _a230/66 | ||
| 100 | _aHODGKIN (Eliot) | ||
| 245 |
_aPictorial gospel _bLife of christ |
||
| 260 |
_aLondon _bVictor Gollancz Ltd., _c1949 |
||
| 300 | _a212 | ||
| 650 | _aPictorial | ||
| 650 | _aof | ||
| 650 | _aLife | ||
| 650 | _agospel | ||
| 650 | _achrist | ||
| 690 | _aChristianity | ||
| 906 | _a001302 | ||
| 999 |
_c116153 _d116153 |
||